[Event "POL-ch U16 Girls"]
[Site "Jastrzebia Gora"]
[Date "2023.??.??"]
[Round "4"]
[White "Nowak, Zuzanna"]
[Black "Kaczmarek, Paulina"]
[Result "1-0"]
[WhiteElo "1427"]
[BlackElo "1317"]
[PlyCount "91"]
[EventDate "2023.03.11"]
[EventType "swiss"]
[EventRounds "9"]
[EventCountry "POL"]
[SourceTitle "CBM 213 Extra"]
[Source "ChessBase"]
[SourceDate "2023.05.31"]
[SourceVersion "1"]
[SourceVersionDate "2023.05.31"]
[SourceQuality "1"]

1. e4 c5 2. Nf3 d6 3. c3 Nf6 4. e5 dxe5 5. Nxe5 Qc7 6. d4 e6 7. Be3 Bd6 8. f4 Nd5 9. Qf3 Nxe3 10. Qxe3 0-0 11. g3 cxd4 12. cxd4 f6 13. Nc4 Rd8 14. Nc3 Bb4 15. Bd3 f5 16. 0-0 Bxc3 17. bxc3 b5 18. Nd2 Qxc3 19. Rac1 Qxd4 20. Qxd4 Rxd4 21. Rxc8+ Kf7 22. Rf3 a6 23. Nb3 Rd7 24. Bf1 Rb7 25. Nc5 Rb6 26. Rc7+ Kf6 27. Rd3 Rc6 28. Rxc6 Nxc6 29. Rd6 Nd8 30. Rxa6 Rxa6 31. Nxa6 g5 32. Bxb5 e5 33. fxe5+ Kxe5 34. Nb4 Ne6 35. a4 Kd6 36. Kf2 Nd4 37. Bd3 h6 38. Ke3 Ke5 39. a5 f4+ 40. gxf4+ gxf4+ 41. Kf2 Kd6 42. a6 Ne6 43. a7 Nc7 44. Be4 Ke5 45. Bf3 Kd4 46. Na6 1-0

[Event "POL-ch U16 Girls"]
[Site "Sypniewo"]
[Date "2022.03.21"]
[Round "3"]
[White "Nowak, Zuzanna"]
[Black "Jureczko, Anna"]
[Result "1-0"]
[WhiteElo "1379"]
[BlackElo "1200"]
[PlyCount "37"]
[EventDate "2022.03.19"]
[EventType "swiss"]
[EventRounds "9"]
[EventCountry "POL"]
[SourceTitle "CBM 207 Extra"]
[Source "ChessBase"]
[SourceDate "2022.05.31"]
[SourceVersion "1"]
[SourceVersionDate "2022.05.31"]
[SourceQuality "1"]

1. e4 d5 2. exd5 Qxd5 3. Nc3 Qa5 4. d4 c6 5. Nf3 Bf5 6. Ne5 Nf6 7. g4 Bg6 8. h4 Nbd7 9. Nc4 Qc7 10. h5 Be4 11. Nxe4 Nxe4 12. Qf3 Nef6 13. Bf4 Qd8 14. Qe2 Nb6 15. Nd6+ Kd7 16. Nxf7 Qe8 17. Nxh8 Nbd5 18. Bg3 Rd8 19. g5 1-0

[Event "Krakow Winter op-B"]
[Site "Krakow"]
[Date "2022.01.19"]
[Round "8"]
[White "Nowak, Zuzanna"]
[Black "Ryszka, Maciej"]
[Result "1-0"]
[WhiteElo "1456"]
[BlackElo "1186"]
[PlyCount "49"]
[EventDate "2022.01.15"]
[EventType "swiss"]
[EventRounds "9"]
[EventCountry "POL"]
[SourceTitle "CBM 206 Extra"]
[Source "ChessBase"]
[SourceDate "2022.03.31"]
[SourceVersion "1"]
[SourceVersionDate "2022.03.31"]
[SourceQuality "1"]

1. e4 c5 2. c3 g6 3. d4 cxd4 4. cxd4 d5 5. exd5 Nf6 6. Nc3 Nxd5 7. Bc4 Nxc3 8. Qf3 e6 9. bxc3 a6 10. Bf4 Nc6 11. Ne2 Bg7 12. 0-0 0-0 13. Bb3 e5 14. dxe5 Nxe5 15. Qg3 Nc6 16. Rad1 Qa5 17. Rd5 b5 18. Bc7 Qa3 19. Bd6 Qb2 20. Bxf8 Bxf8 21. Nd4 Na5 22. Rd8 Bb7 23. Bxf7+ Kxf7 24. Qf4+ Kg7 25. Qxf8# 1-0

[Event "Krakow Winter op-B"]
[Site "Krakow"]
[Date "2022.01.15"]
[Round "1"]
[White "Socha, Maja"]
[Black "Nowak, Zuzanna"]
[Result "1/2-1/2"]
[WhiteElo "1145"]
[BlackElo "1456"]
[PlyCount "62"]
[EventDate "2022.01.15"]
[EventType "swiss"]
[EventRounds "9"]
[EventCountry "POL"]
[SourceTitle "CBM 206 Extra"]
[Source "ChessBase"]
[SourceDate "2022.03.31"]
[SourceVersion "1"]
[SourceVersionDate "2022.03.31"]
[SourceQuality "1"]

1. e4 e5 2. Nf3 Nc6 3. d4 exd4 4. Bc4 Bc5 5. 0-0 Nge7 6. Ng5 Ne5 7. Nxf7 Nxf7 8. Bxf7+ Kxf7 9. Qh5+ Ng6 10. Qxc5 d6 11. Qxd4 Re8 12. Qd5+ Kf8 13. Nc3 Qh4 14. f4 Qg4 15. e5 Be6 16. Qe4 Bf7 17. Qxb7 dxe5 18. fxe5 Nxe5 19. Qxc7 Re7 20. Qd6 Ke8 21. Nd5 Bxd5 22. Qxd5 Rd8 23. Qb5+ Rdd7 24. Bd2 Qd4+ 25. Rf2 Ng4 26. Qb8+ Rd8 27. Qb5+ Rdd7 28. Qb8+ Rd8 29. Qb5+ Rdd7 30. Qb8+ Rd8 31. Qb5+ Rdd7 1/2-1/2

[Event "POL-ch U14 Girls"]
[Site "Uniejow"]
[Date "2021.07.22"]
[Round "6"]
[White "Slusarczyk, Anna"]
[Black "Nowak, Zuzanna"]
[Result "1/2-1/2"]
[WhiteElo "1464"]
[BlackElo "1353"]
[PlyCount "62"]
[EventDate "2021.07.18"]
[EventType "swiss"]
[EventRounds "9"]
[EventCountry "POL"]
[SourceTitle "EXT 2022"]
[Source "ChessBase"]
[SourceDate "2021.10.06"]
[SourceVersion "1"]
[SourceVersionDate "2021.10.06"]
[SourceQuality "1"]

1. d4 d5 2. Nf3 Nf6 3. e3 e6 4. Bd3 c5 5. b3 Nc6 6. Bb2 Bd6 7. 0-0 Qc7 8. Nbd2 e5 9. dxc5 Bxc5 10. e4 0-0 11. Qe2 Bd6 12. a3 Ne7 13. exd5 Nexd5 14. Bxe5 Nf4 15. Bxf4 Bxf4 16. g3 Re8 17. Ne4 Nxe4 18. Bxe4 Be5 19. Rad1 Bh3 20. Rfe1 Bc3 21. Nd2 g6 22. Qf3 Rad8 23. g4 Bxg4 24. Qxg4 Rxd2 25. Rxd2 Bxd2 26. Rd1 Rd8 27. Qe2 Bg5 28. Rxd8+ Bxd8 29. Bxb7 Be7 30. Bd5 Bxa3 31. Qe4 Bd6 1/2-1/2

[Event "POL-ch U14 Girls"]
[Site "Uniejow"]
[Date "2021.07.20"]
[Round "3"]
[White "Nowak, Zuzanna"]
[Black "Szopa, Emilia"]
[Result "1-0"]
[WhiteElo "1353"]
[BlackElo "1699"]
[PlyCount "69"]
[EventDate "2021.07.18"]
[EventType "swiss"]
[EventRounds "9"]
[EventCountry "POL"]
[SourceTitle "EXT 2022"]
[Source "ChessBase"]
[SourceDate "2021.10.06"]
[SourceVersion "1"]
[SourceVersionDate "2021.10.06"]
[SourceQuality "1"]

1. e4 c5 2. c3 d5 3. exd5 Qxd5 4. d4 Nc6 5. Nf3 Bf5 6. Be3 Nf6 7. Be2 Ng4 8. 0-0 e6 9. h3 Nxe3 10. fxe3 Qe4 11. Qd2 Be7 12. Bc4 g5 13. g4 Bxg4 14. hxg4 Qxg4+ 15. Kf2 0-0-0 16. Qc2 Qh5 17. Nbd2 cxd4 18. cxd4 g4 19. Rh1 Qa5 20. Nb3 Qc7 21. Nfd2 h5 22. Rag1 Kb8 23. a3 Rdg8 24. Ne4 h4 25. Nbc5 Bxc5 26. Nxc5 Qd6 27. Qb3 b6 28. Na6+ Ka8 29. Bb5 g3+ 30. Kg2 Na5 31. Qc2 h3+ 32. Rxh3 f5 33. Rxh8 Rxh8 34. Rh1 Rxh1 35. Qc8+ 1-0